| 000 | 00959cam a2200229 4500 | ||
|---|---|---|---|
| 001 | WS114788 | ||
| 008 | 010921n 000 0 eng u | ||
| 035 | _a(Sirsi) u114788 | ||
| 110 |
_aPrince's Foundation _94146 |
||
| 245 | _aPrince's Foundation | ||
| 520 | _aWeb site for this foundation established by the Prince of Wales to promote a return of human values to architecture, the building arts, urban design and regeneration. Includes a directory of projects they are involved with, details of the Regeneration though Heritage Initiative and the Urban Villages Forum. | ||
| 650 | _aPRINCE OF WALES | ||
| 650 | _aURBAN DESIGN | ||
| 650 | _aARCHITECTURE | ||
| 650 | _aCONSERVATION | ||
| 650 | _aREGENERATION THROUGH HERITAGE | ||
| 650 | _aURBAN VILLAGES FORUM | ||
| 650 | _aURBAN VILLAGES | ||
| 690 | _aREGENERATION | ||
| 856 | 4 | 0 |
_uhttps://www.princes-foundation.org _zView the website free of charge at www.princes-foundation.org... |
| 942 | _n0 | ||
| 999 |
_c119919 _d119919 |
||